[Event "Carl Schlechter mem"]
[Site "Vienna"]
[Date "1996.??.??"]
[Round "1"]
[White "Eisterer, Heinrich"]
[Black "Stuhlik, Marko"]
[Result "1-0"]
[WhiteElo "2340"]
[BlackElo "2215"]

1.d4 d5 2.c4 Nc6 3.Nc3 dxc4 4.d5 Na5 5.e4 Bd7 6.Nf3 e6 7.Be3 exd5 8.Qxd5 c6
9.Qe5+ Ne7 10.O-O-O f6 11.Qg3 Ng6 12.e5 Qc7 13.e6  1-0

[Event "Carl Schlechter mem"]
[Site "Vienna"]
[Date "1996.??.??"]
[Round "3"]
[White "Zoebisch, Herbert"]
[Black "Stuhlik, Marko"]
[Result "1-0"]
[WhiteElo "2245"]
[BlackElo "2215"]

1.d4 d5 2.c4 Nc6 3.Nc3 e5 4.cxd5 Nxd4 5.e3 Nf5 6.Nf3 Bd6 7.e4 Nfe7 8.Qb3 Nf6
9.Bg5 Nd7 10.O-O-O O-O 11.Qc2 a6 12.Nd2 b6 13.Nc4 f6 14.Be3 f5 15.Bg5 Nf6
16.f4 h6 17.fxe5 hxg5 18.exd6 cxd6 19.e5 dxe5 20.Nxe5 Qd6 21.Nc4 Qb8 22.d6 Ng6
23.Ne3 Ra7 24.Bc4+ Kh8 25.Nxf5 Ne5 26.Bb3 Nfg4 27.h3 Nf2 28.Qxf2 Rxf5 29.Qe2  1-0

[Event "Siembra Villa Ballester op"]
[Site "Villa Ballester"]
[Date "1996.??.??"]
[Round "6"]
[White "Fernandez, Mauro"]
[Black "Moreda, Lucas"]
[Result "0-1"]
[WhiteElo "2245"]
[BlackElo "2325"]

1.d4 d5 2.c4 Nc6 3.Nc3 dxc4 4.Nf3 Nf6 5.e3 Bg4 6.Bxc4 e6 7.O-O Bb4 8.a3 Bxc3
9.bxc3 O-O 10.Qc2 Na5 11.Bd3 Bxf3 12.gxf3 c5 13.Bb2 c4 14.Be2 Nd5 15.Kh1 Rc8
16.Rg1 Qh4 17.e4 Nf6 18.Bc1 h6 19.Be3 Kh8 20.f4 Rg8 21.e5 Nd5 22.Rg4 Qe7
23.Rag1 Qxa3 24.Bd2 Nb3 25.Be1 Qc1 26.Qe4 Nxc3 27.Bxc3 Qxc3 28.f5 exf5 29.Qxf5 Nxd4
30.Qh5 Qd2 31.Rd1 Qxe2 32.Rdxd4 c3 33.Rd6 Rc6 34.Rxc6 bxc6 35.Qf5 Qd1+ 36.Rg1 c2  0-1

[Event "AUT-chT9596"]
[Site "Vorarlberg"]
[Date "1996.??.??"]
[Round "1"]
[White "Plieger, Josef"]
[Black "Grabher, Heinz"]
[Result "1/2-1/2"]
[WhiteElo "2085"]
[BlackElo "2260"]

1.c4 Nc6 2.d4 d5 3.Nc3 dxc4 4.Nf3 Nf6 5.e4 Bg4 6.Be3 e6 7.Bxc4 Bb4 8.Qc2 O-O
9.O-O-O Bxc3 10.bxc3 Qe7 11.e5 Nd5 12.Bd3 h6 13.h3 Bf5 14.g4 Bxd3 15.Rxd3 b5
16.g5 h5 17.Nd2 g6 18.Ne4 Qa3+ 19.Kd1 Qa6 20.Nf6+ Kg7 21.Ke2 Rfd8 22.Rb1 Rab8
23.Ne4 b4 24.c4 Nc3+ 25.Nxc3 Qxc4 26.Qb3 Qxb3 27.Rxb3 bxc3 28.Rxb8 Rxb8 29.Rxc3 Rb2+
30.Kf3 Nb4 31.Rb3 Rxb3 32.axb3 Nd5 33.Ke4 Kf8 34.Kd3 Ke7 35.Kc4 Kd7 36.Kb5 Kc8
37.Ka6 Kb8 38.Bd2 c6 39.Be3 Nc7+ 40.Ka5 Kb7 41.Kb4 Nd5+ 42.Kc5 Kc7 43.Bd2 Ne7
44.Ba5+ Kd7 45.Be1 Nf5 46.f3 Ne3 47.Bd2 Ng2 48.Kc4 Nh4 49.f4 Nf3 50.Be3 Kc7
51.Kd3 Ne1+ 52.Kc4 Ng2 53.Bd2 Kb6 54.Bc1 Ne1 55.Be3 Nc2 56.Bc1 a5 57.Bd2 Na3+
58.Kc3 Nb5+ 59.Kc4 Nc7 60.Bc1 Nd5 61.Bd2 Ne7 62.Be3 Nf5 63.Bf2 Kb7 64.Kc5 Kc7
65.Be1 Kd7 66.Bf2 Kc7 67.Be1 Kd7 68.Bf2  1/2-1/2

[Event "AUT-chT9596"]
[Site "Vorarlberg"]
[Date "1996.??.??"]
[Round "6"]
[White "Dellanoi, Guenter"]
[Black "Baumann, Wi"]
[Result "1-0"]
[WhiteElo "1880"]
[BlackElo "1635"]

1.d4 d5 2.c4 Nc6 3.Nf3 Nf6 4.cxd5 Qxd5 5.Nc3 Qf5 6.d5 Nd8 7.e4 Qd7 8.Ne5 Qd6
9.Bf4 Qb4 10.Nd3 Qb6 11.Be3 Qa5 12.b4 Qa6 13.a4 b6 14.Nc5 bxc5 15.Bxa6 Bxa6
16.b5 Bb7 17.Bxc5 Nd7 18.Bd4 e6 19.O-O e5 20.Be3 Bd6 21.Qg4 g6 22.Bh6 Rg8
23.f4 Bc8 24.Qg3 Nf6 25.fxe5 Nh5 26.Qg5 Bc5+ 27.Kh1 Bd4 28.Rac1 f6 29.exf6 Nf7
30.Qd2 Bxf6 31.Bf4 Ne5 32.Bxe5 Bxe5 33.Qg5 Bd6 34.e5 Be7 35.Qd2 Bf5 36.d6 cxd6
37.exd6 Bf6 38.Qd5 Kd7 39.Qc6+ Ke6 40.Rfe1+  1-0

[Event "JUG-ch (Women) 3"]
[Site "Vrnjacka Banja"]
[Date "1996.??.??"]
[Round "?"]
[White "Markov, Vesna"]
[Black "Nestorovic, Irena"]
[Result "1-0"]
[WhiteElo "2165"]
[BlackElo "2060"]

1.d4 d5 2.c4 Nc6 3.cxd5 Qxd5 4.e3 e5 5.Nc3 Bb4 6.Bd2 Bxc3 7.bxc3 Qd6 8.Bd3 Nf6
9.f3 O-O 10.Ne2 Re8 11.O-O Be6 12.Qc2 Rab8 13.Rab1 h6 14.Be1 a6 15.a4 Bd7
16.Bf2 Qe7 17.Ng3 Nd5 18.Rfe1 Qa3 19.Ne4 Na5 20.Nc5 Bc6 21.Rec1 exd4 22.exd4 b6
23.Ra1 Qxc3 24.Qxc3 Nxc3 25.Nxa6 Nxa4 26.Nxb8 Rxb8 27.Rxc6  1-0

[Event "Wattens op"]
[Site "Wattens"]
[Date "1996.??.??"]
[Round "7"]
[White "Wurster, Axel"]
[Black "Sucher, Johannes"]
[Result "0-1"]
[WhiteElo "1960"]
[BlackElo "2145"]

1.d4 d5 2.c4 Nc6 3.Nf3 Bg4 4.e3 e5 5.Be2 dxc4 6.Nc3 exd4 7.exd4 Nf6 8.O-O Be7
9.d5 Bxf3 10.Bxf3 Ne5 11.Bf4 Nd3 12.Bg3 O-O 13.b3 Bb4 14.Qc2 Bd6 15.bxc4 Bxg3
16.hxg3 Ne5 17.Ne4 c6 18.Rfd1 cxd5 19.Nxf6+ Qxf6 20.Bxd5 Rac8 21.Qe4 Rfe8
22.Re1 Re7 23.Qf4 Kf8 24.Rab1 b6 25.Qd2 Rec7 26.Re4 Nxc4 27.Qb4+ Nd6 28.Rbe1 Rc5
29.Rf4 Qc3 30.Qxc3 Rxc3 31.Kh2 Rc1 32.Re3 R8c5 33.Rd4 Nf5 34.Rf4 Rxd5  0-1

[Event "Wattens op"]
[Site "Wattens"]
[Date "1996.??.??"]
[Round "9"]
[White "Babinetz, Rainer"]
[Black "Sucher, Johannes"]
[Result "0-1"]
[WhiteElo "1900"]
[BlackElo "2145"]

1.d4 d5 2.c4 Nc6 3.Nc3 e5 4.e3 exd4 5.exd4 Nf6 6.Nf3 Bg4 7.Be2 dxc4 8.d5 Nb4
9.Bxc4 c6 10.O-O Nbxd5 11.Re1+ Be7 12.Bg5 Nxc3 13.bxc3 O-O 14.Qxd8 Bxd8 15.Ne5 Bf5
16.a4 h6 17.Be3 Ba5 18.Ra3 Nd5 19.Bxd5 cxd5 20.Rb3 Rac8 21.Rc1 Rfe8 22.Bd4 Re7
23.Rb5 b6 24.Rxd5 f6 25.Nf3 Be4 26.Rb5 Bc6 27.Rb3 Bxa4 28.Ra3 Be8 29.Nh4 Rd7
30.Raa1 Rd5 31.g3 g5 32.Ng2 Kf7 33.Ne3 Rd7 34.Ng4 h5 35.Ne3 Rcd8  0-1

[Event "Oberliga Wuert9596"]
[Site "Wuerttemberg"]
[Date "1996.??.??"]
[Round "?"]
[White "Hoffmann, Hans"]
[Black "Escher, Thomas"]
[Result "1/2-1/2"]
[WhiteElo "2225"]
[BlackElo "2215"]

1.c4 Nc6 2.d4 d5 3.Nf3 Bg4 4.e3 e6 5.cxd5 exd5 6.Bb5 Bb4+ 7.Bd2 Bxf3 8.Bxc6+ bxc6
9.Qxf3 Bd6 10.Nc3 Nf6 11.O-O O-O 12.e4 dxe4 13.Nxe4 Nxe4 14.Qxe4 Re8 15.Qxc6 Qh4
16.g3 Qxd4 17.Rfe1 Rf8 18.Bc3 Qb6 19.Qc4 Bc5 20.Re2 Rae8 21.Rae1 Rxe2 22.Rxe2  1/2-1/2

[Event "Yalta op"]
[Site "Yalta"]
[Date "1996.??.??"]
[Round "6"]
[White "Bairachny, Ruslan"]
[Black "Panchenko, Alexander N"]
[Result "1/2-1/2"]
[WhiteElo "2315"]
[BlackElo "2465"]

1.d4 d5 2.c4 Nc6 3.cxd5 Qxd5 4.Nf3 e5 5.Nc3 Bb4 6.Bd2 Bxc3 7.Bxc3 e4 8.Nd2 e3
9.fxe3 Nf6 10.Qb3 Be6 11.Qxd5 Bxd5 12.e4 Nxe4 13.e3 O-O-O 14.Nxe4 Bxe4 15.Bc4 f6
16.Kf2 Rhe8 17.b4 Ne7 18.Rhe1 Nf5 19.Bf1 h5 20.b5 Rd7 21.Rac1 Kd8 22.Ba5 Bd5
23.a4 Rde7 24.Rc5 Be4 25.Bb4 Rd7 26.Be2 b6 27.Rc3 g6 28.a5 Nd6 29.axb6 axb6
30.Rec1 Re6 31.Ra3 f5 32.h4 f4 33.Bd2 Nf5 34.Bc4 Rf6 35.exf4 Nxh4 36.g3 Nf5
37.Re1 Bd5 38.Bxd5 Rxd5 39.Ra8+ Kd7 40.Ree8 c6 41.Red8+ Ke6 42.bxc6 Rf7 43.Bb4 Nxd4
44.Rxd5 Kxd5 45.Rd8+ Kc4 46.Rd7 Rf6 47.c7 Rc6 48.Bd6 Nb5 49.Be5 Kc5 50.Kg2 Kb4
51.Rd8 Nxc7 52.Rc8 b5 53.Rxc7 Re6 54.Rf7 Kc4 55.Rf6 Kd5 56.Rxe6 Kxe6 57.Bc3 Kf5
58.Kf3 g5 59.fxg5 Kxg5 60.Bd2+ Kf5 61.Bb4 Kg5 62.Kg2 Kg4 63.Be7 b4  1/2-1/2

[Event "Yerevan ol (Women)"]
[Site "Yerevan"]
[Date "1996.??.??"]
[Round "1"]
[White "Wilman, Carey"]
[Black "Botsari Miladinovic, Anna Maria"]
[Result "0-1"]
[WhiteElo "2070"]
[BlackElo "2335"]

1.d4 d5 2.c4 Nc6 3.e3 dxc4 4.Bxc4 e5 5.d5 Nb8 6.Nc3 a6 7.a4 Nf6 8.e4 Bd6
9.Nf3 O-O 10.O-O Nbd7 11.Re1 h6 12.Rb1 Re8 13.b4 Qe7 14.Qb3 a5 15.bxa5 Rxa5
16.Bb5 Rd8 17.Nd2 Bc5 18.Nd1 Nb6 19.Nc4 Nxc4 20.Qxc4 c6 21.dxc6 bxc6 22.Bxc6 Qc7
23.Bb5 Rd4 24.Qf1 Nxe4 25.Be3 Nd2 26.Bxd2 Rxd2 27.Re2 Rd8 28.Ne3 Ra8 29.Rd1 Bb7
30.Red2 Rxd2 31.Rxd2 Qb6 32.Nc4 Qf6 33.Ne3 Qg5 34.Kh1 Bd4 35.Nc4 Rd8 36.f3 h5
37.Re2 h4 38.h3 Bd5 39.Nd2 Rc8 40.Ne4 Qf4 41.Re1 Rc2 42.Qd3 Rc1 43.Rxc1 Qxc1+
44.Qf1 Qe3 45.Nd6 Bc5 46.Ne4 Ba7 47.Nd6 g6 48.Nc8 Bc5 49.a5 e4 50.fxe4 Bxe4
51.Bc4 Qxh3+  0-1

[Event "Yerevan ol (Women)"]
[Site "Yerevan"]
[Date "1996.??.??"]
[Round "2"]
[White "Olarasu, Gabriela"]
[Black "Bandziene, Rasa"]
[Result "1-0"]
[WhiteElo "2295"]
[BlackElo "2175"]

1.d4 d5 2.c4 Nc6 3.cxd5 Qxd5 4.e3 e5 5.Nc3 Bb4 6.Bd2 Bxc3 7.bxc3 exd4 8.exd4 Nf6
9.Nf3 O-O 10.Be2 Bf5 11.O-O Rfe8 12.Re1 Ne4 13.c4 Qd6 14.d5 Nxd2 15.Qxd2 Ne5
16.Nd4 Bd7 17.Rab1 b6 18.f4 Ng6 19.g3 c5 20.Nc2 Bf5 21.Bd3 Nh4 22.Kf2 Qf6
23.Rxe8+ Rxe8 24.Re1 Rxe1 25.Qxe1 h6 26.Bxf5 Nxf5 27.Qe8+ Kh7 28.Qe5 Qg6
29.Qe4 Nd6 30.Qxg6+ Kxg6 31.Ne3 Ne4+ 32.Kf3 Nc3 33.f5+ Kf6 34.d6 h5 35.g4  1-0

[Event "Yerevan ol (Men)"]
[Site "Yerevan"]
[Date "1996.??.??"]
[Round "4"]
[White "Xu Jun"]
[Black "Arencibia, Walter"]
[Result "1-0"]
[WhiteElo "2505"]
[BlackElo "2555"]

1.d4 d5 2.c4 Nc6 3.Nc3 dxc4 4.Nf3 Nf6 5.e4 Bg4 6.d5 Ne5 7.Bf4 Nfd7 8.Qd4 c5
9.Qe3 Bxf3 10.gxf3 g6 11.O-O-O Qa5 12.Kb1 Bg7 13.Bh6 Bxh6 14.Qxh6 Nxf3 15.Bxc4 O-O-O
16.Qf4 Nfe5 17.Be2 f6 18.Qg3 g5 19.f4 gxf4 20.Qxf4 Nb6 21.d6 Rxd6 22.Rxd6 exd6
23.Qxf6 Rd8 24.Rd1 Qb4 25.Qe6+ Kc7 26.a3 Qa5 27.Nb5+ Kb8 28.Rxd6 Nbd7 29.Nc3 a6
30.h4 Ka7 31.h5 c4 32.Qe7 Nc6 33.Qxh7 Nde5 34.Rd5 Qb6 35.h6 Nd4 36.Qg7 Nxe2
37.Nxe2 Rxd5 38.exd5 Qe3 39.Qg1 Qxg1+ 40.Nxg1 Kb6 41.Ne2 Kc5 42.h7 Nf7 43.Nf4 Nh8
44.Kc2 Kd6 45.Kc3 Kc5 46.d6  1-0

[Event "Yerevan ol (Men)"]
[Site "Yerevan"]
[Date "1996.??.??"]
[Round "4"]
[White "James, David"]
[Black "Miladinovic, Igor"]
[Result "1/2-1/2"]
[WhiteElo "2260"]
[BlackElo "2535"]

1.d4 d5 2.c4 Nc6 3.cxd5 Qxd5 4.e3 e5 5.Nc3 Bb4 6.Bd2 Bxc3 7.bxc3 Nf6 8.f3 O-O
9.e4 Qd6 10.d5 Ne7 11.c4 b6 12.Ne2 Nd7 13.Nc3 a6 14.Bd3 Nc5 15.Bc2 f5 16.exf5 Bxf5
17.Bxf5 Nxf5 18.O-O Qg6 19.Qc2 e4 20.Nxe4 Nh4 21.Bg5 Nxf3+ 22.Rxf3 Nxe4 23.Rxf8+ Rxf8
24.Be3 Re8 25.Bd4 Nd6 26.Qxg6 hxg6 27.c5 Nb5 28.Rd1 bxc5 29.Bxc5 Nc3 30.Rd3 Re1+
31.Kf2 Rc1 32.Be3 Rc2+ 33.Kf3 Nb5 34.a4 Nd6 35.Rb3 Rc4 36.Bf4 Nf5 37.Rb2 Nh4+
38.Kg3 Nf5+ 39.Kf3 Nh4+ 40.Kg3 Nf5+ 41.Kf3  1/2-1/2

[Event "Yerevan ol (Men)"]
[Site "Yerevan"]
[Date "1996.??.??"]
[Round "8"]
[White "Dautov, Rustem"]
[Black "Miladinovic, Igor"]
[Result "1-0"]
[WhiteElo "2615"]
[BlackElo "2535"]

1.d4 d5 2.c4 Nc6 3.cxd5 Qxd5 4.e3 e5 5.Nc3 Bb4 6.Bd2 Bxc3 7.bxc3 Nf6 8.f3 O-O
9.e4 Qd6 10.d5 Ne7 11.c4 Nd7 12.Ne2 b6 13.Nc3 a6 14.Be2 Nc5 15.O-O f5 16.Be3 Bd7
17.a4 Ng6 18.a5 Nf4 19.axb6 cxb6 20.Rb1 Rae8 21.Kh1 Rf6 22.Rf2 Qf8 23.Bf1 Nh5
24.Rfb2 f4 25.Bf2 Rb8 26.Be2 Rh6 27.Kg1 Rg6 28.Qd2 Kh8 29.d6 Rxd6 30.Bxc5 Rxd2
31.Bxf8 Rxb2 32.Rxb2 Rxf8 33.Rxb6 a5 34.c5 Nf6 35.c6 Bc8 36.Rb8  1-0

[Event "Yerevan ol (Women)"]
[Site "Yerevan"]
[Date "1996.??.??"]
[Round "9"]
[White "Nicoara Etchegaray, Malina"]
[Black "Fakhiridou, Ekaterini"]
[Result "0-1"]
[WhiteElo "2160"]
[BlackElo "2170"]

1.d4 d5 2.c4 Nc6 3.Nc3 dxc4 4.e3 Nf6 5.Bxc4 e5 6.d5 Nb8 7.Nf3 Bd6 8.e4 a6
9.a4 Nbd7 10.h3 Nf8 11.Be3 Ng6 12.O-O O-O 13.Re1 Ne8 14.Rc1 Nh4 15.Nxh4 Qxh4
16.Bd3 g6 17.Qd2 Qe7 18.Kh1 Ng7 19.Bb1 Bd7 20.Rcd1 Rae8 21.Bg5 f6 22.Be3 Qf7
23.Rc1 f5 24.exf5 gxf5 25.f4 Qf6 26.fxe5 Qxe5 27.Bg1 Qg3 28.Qf2 Nh5 29.Ne2 Qg7
30.Rc3 Bb4 31.Bh2 Bxc3 32.bxc3 f4 33.Qh4 Ng3+ 34.Bxg3 fxg3 35.Bd3 Bf5 36.Bc4 Re4  0-1

[Event "Yerevan ol (Women)"]
[Site "Yerevan"]
[Date "1996.??.??"]
[Round "11"]
[White "Zhukova, Natalia"]
[Black "Fakhiridou, Ekaterini"]
[Result "1-0"]
[WhiteElo "2335"]
[BlackElo "2170"]

1.d4 d5 2.c4 Nc6 3.Nc3 dxc4 4.Nf3 Nf6 5.Bg5 Bg4 6.d5 Bxf3 7.exf3 Ne5 8.Qd4 Nd3+
9.Bxd3 cxd3 10.O-O-O c6 11.Bxf6 gxf6 12.Rxd3 Bh6+ 13.Kb1 O-O 14.Qh4 Bg7 15.f4 Qd7
16.g4 Qd6 17.Re1 b5 18.Qg3 Rfd8 19.Ne4 Qb4 20.Nc3 Rxd5 21.Rxd5 cxd5 22.a3 Qc5
23.f5 b4 24.axb4 Qxb4 25.Re2 Qc4 26.Qf3 Rd8 27.Rxe7 d4 28.Qe2 Qb3 29.Re8+ Rxe8
30.Qxe8+ Bf8 31.Qa4 Qb6 32.Nd5 Qc5 33.Nxf6+ Kg7 34.Nd7 Qd5 35.f6+ Kg8 36.Nxf8 Qe4+
37.Qc2 Qe1+ 38.Ka2 Qa5+ 39.Kb1 Qe1+ 40.Qc1 Qe4+ 41.Ka1 d3 42.Nd7 Qa4+ 43.Kb1 Qxd7
44.Qg5+  1-0

[Event "ESP-ch"]
[Site "Zamora"]
[Date "1996.??.??"]
[Round "7"]
[White "Candela Perez, Jose"]
[Black "Rojo Gomez, Jorge"]
[Result "0-1"]
[WhiteElo "2345"]
[BlackElo "2240"]

1.d4 d5 2.c4 Nc6 3.Nf3 e5 4.dxe5 Bb4+ 5.Nbd2 dxc4 6.Qc2 Be6 7.e4 b5 8.a3 Ba5
9.Be2 Nge7 10.O-O O-O 11.Rd1 Qb8 12.b4 Bb6 13.Bb2 a5 14.bxa5 Rxa5 15.a4 Nb4
16.Qc3 Rxa4 17.Rxa4 bxa4 18.Nxc4 Nec6 19.Ra1 Rd8 20.Nxb6 Qxb6 21.Rxa4 h6
22.h3 Na2 23.Qa3 Kh7 24.g3 Ncb4 25.Bc3 Nd3 26.Bd4 Qb1+ 27.Kg2 Nac1 28.Bxd3 Nxd3
29.Qc3 Qd1 30.Ra1 Bxh3+ 31.Kxh3 Qxf3 32.Kh2 Qxe4 33.e6 fxe6 34.Bxg7 Rd5 35.Bf6 Kg6
36.Bh4 Rf5 37.Ra2 Ne1 38.f4 Nf3+ 39.Kh3 Qb1  0-1

[Event "Zaragoza op"]
[Site "Zaragoza"]
[Date "1996.??.??"]
[Round "3"]
[White "Eslon, Jaan"]
[Black "Gallego, Victoriano"]
[Result "0-1"]
[WhiteElo "2410"]
[BlackElo "2370"]

1.d4 d5 2.c4 Nc6 3.Nc3 Nf6 4.Nf3 dxc4 5.e4 Bg4 6.Be3 e6 7.Bxc4 Bb4 8.Qc2 O-O
9.Rd1 Bxf3 10.gxf3 Nh5 11.e5 Ne7 12.Qe4 Nd5 13.Qg4 g6 14.Bg5 Qd7 15.O-O Bxc3
16.bxc3 f5 17.exf6 Nhxf6 18.Bxf6 Rxf6 19.Bxd5 Qxd5 20.Rd3 Raf8 21.Re1 Rf5
22.h4 R8f6 23.Re4 Qxa2 24.Kg2 Qd5 25.Rde3 h5 26.Qg3 Rxf3 27.Qxf3 Rxf3 28.Kxf3 a5
29.c4 Qxc4 30.Rxe6 Qxd4 31.Rxg6+ Kf7 32.Rg5 Qxh4 33.Rf5+ Kg6 34.Rf4 Qh3+
35.Ke2 Qd7 36.Rg3+ Kh7 37.Kf1 Qd1+ 38.Kg2 Qd5+ 39.Rgf3 Kg6 40.Kh2 Kg5 41.Rf8 h4
42.R3f7 Kg6 43.Rf4 Kg5 44.R4f7 Qd6+ 45.Kg2 a4 46.f4+ Kg6 47.Kh3 Qd5 48.f5+ Kg5
49.Rg7+ Kf4 50.Rg4+ Kf3 51.Rxa4 b5 52.Rg4 Qe5 53.Ra8 b4 54.Kxh4 Qf6+ 55.Rg5 Qh6+
56.Rh5 Qf4+  0-1

[Event "Zaragoza op"]
[Site "Zaragoza"]
[Date "1996.??.??"]
[Round "8"]
[White "Brito, Alfredo"]
[Black "Gallego, Victoriano"]
[Result "0-1"]
[WhiteElo "2350"]
[BlackElo "2370"]

1.d4 d5 2.c4 Nc6 3.Nf3 Bg4 4.Nc3 e6 5.cxd5 exd5 6.e3 Nf6 7.Bb5 Bd6 8.Bd2 O-O
9.Bxc6 bxc6 10.h3 Bh5 11.Qa4 c5 12.dxc5 Bxc5 13.Nd4 Re8 14.O-O Ne4 15.Nxe4 Rxe4
16.Rac1 Bb6 17.Qc6 Rb8 18.Nf5 Bg6 19.Ng3 Re6 20.Qa4 c5 21.b4 cxb4 22.Bxb4 Qh4
23.Qa3 Bxe3 24.fxe3 Qxg3 25.Rf3 Qh4 26.Bc5 a6 27.Rf4 Qd8 28.Ba7 Ra8 29.Qc5 Be4
30.Qc7 Qe8 31.Bd4 Rg6 32.Rf2 h6 33.Qf4 Qe6 34.Rc7 f6 35.Kh2 Rc8 36.Rb2 Rxc7
37.Qxc7 Kh7 38.a4 Qf5 39.Qf4 Qc8 40.Qf1 Qc6 41.a5 Qc7+ 42.Qf4 Qxa5 43.Qf1 Qc7+
44.Qf4 Qc1 45.Rf2 a5 46.Qb8 Qe1 47.Qb2 a4 48.Qd2 Qb1 49.Qb2 Qd3 50.Qc3 Qd1
51.Qa5 Qh5 52.Qxa4 Qh4 53.Qa2 Qg3+ 54.Kg1 Qxh3 55.Qe2 Qg3 56.Bc5 f5 57.Qb2 Rg4
58.Ba7 Bxg2 59.Qb8 f4  0-1

[Event "Weihnachts op"]
[Site "Zuerich"]
[Date "1996.??.??"]
[Round "5"]
[White "Saladin, Thomas"]
[Black "Wyss, Thomas"]
[Result "0-1"]
[WhiteElo "2155"]
[BlackElo "2215"]

1.d4 d5 2.c4 Nc6 3.cxd5 Qxd5 4.Nf3 e5 5.Nc3 Bb4 6.dxe5 Qxd1+ 7.Kxd1 Bg4 8.Bf4 Nge7
9.e3 Bxf3+ 10.gxf3 O-O-O+ 11.Kc2 Ng6 12.Bh3+ Kb8 13.Bg5 Rde8 14.Bd7 Rxe5
15.Bxc6 bxc6 16.h4 Rf5 17.f4 f6 18.e4 Rc5 19.f5 fxg5 20.fxg6 h5 21.hxg5 Rxg5
22.Rag1 Rxg1 23.Rxg1 Bc5 24.Nd1 h4 25.Rh1 Kc8 26.Kd3 Kd7 27.Ne3 Ke6 28.Ng4 h3
29.f4 Rh4 30.f5+ Kd6 31.e5+ Kd5 32.b4 Rxg4 33.bxc5 Rg3+ 34.Kc2 Kxe5 35.Rf1 Kf6
36.Kb2 h2 37.Rh1 Rh3 38.Kc2 Kxf5 39.Kd2  0-1

[Event "RUS-Cup4"]
[Site "Perm"]
[Date "1997.02.10"]
[Round "3"]
[White "Neverov, Valeriy"]
[Black "Egorov, Evgeni"]
[Result "1-0"]
[WhiteElo "2530"]
[BlackElo "2375"]

1.d4 d5 2.c4 Nc6 3.Nc3 dxc4 4.Nf3 Nf6 5.e4 Bg4 6.d5 Ne5 7.Bf4 Ng6 8.Be3 e5
9.Bxc4 Bd6 10.Bb5+ Bd7 11.Nd2 O-O 12.O-O Bc8 13.Be2 a6 14.a4 Nf4 15.Bf3 g5
16.Nc4 Kh8 17.Kh1 Qe7 18.g3 Nh3 19.Bg2 Rg8 20.a5 Rg6 21.Nxd6 cxd6 22.Na4 Rh6
23.Nb6 Rb8 24.Rc1 Bg4 25.f3 Nxe4 26.Qe1 Nxg3+ 27.Qxg3 Bf5 28.Bxh3 Rxh3 29.Qxg5 Qxg5
30.Bxg5 h6 31.Be7  1-0

[Event "AUT-chT2O 9798"]
[Site "Austria"]
[Date "1997.02.15"]
[Round "10"]
[White "Voegel, Wolfgang"]
[Black "Eibersberger, Manfred"]
[Result "1-0"]
[WhiteElo "2225"]
[BlackElo "2240"]

1.d4 d5 2.c4 Nc6 3.e3 e5 4.cxd5 Qxd5 5.Nc3 Bb4 6.Bd2 Bxc3 7.bxc3 Nf6 8.c4 Qd6
9.d5 Ne7 10.Qb3 O-O 11.Bb4 c5 12.dxc6 Qc7 13.Qa3 Re8 14.Bd6 Qb6 15.Bxe7 Rxe7
16.Qxe7 Qa5+ 17.Ke2 Bg4+ 18.f3 Rd8 19.Kf2 bxc6 20.Qb7 h5 21.Be2 Be6 22.Nh3 Rd2
23.Qa8+  1-0

[Event "FRA-chT9697 final"]
[Site "Clichy"]
[Date "1997.05.03"]
[Round "10"]
[White "Lefhaili, David"]
[Black "Bujisho, Benjamin"]
[Result "0-1"]
[WhiteElo "1970"]
[BlackElo "2260"]

1.d4 d5 2.c4 Nc6 3.Bf4 e5 4.dxe5 d4 5.a3 Nge7 6.Nf3 Ng6 7.Bg5 Qd7 8.e3 h6
9.Bf4 dxe3 10.Qxd7+ Bxd7 11.Bxe3 Ngxe5 12.Nxe5 Nxe5 13.Nc3 Bc6 14.O-O-O Bd6
15.Nb5 Bxb5 16.cxb5 O-O 17.Be2 Rfe8 18.Rhe1 Re7 19.Rd5 Rae8 20.Red1 b6 21.g3 Kh7
22.R1d4 f5 23.Ra4 g5 24.Rxa7 Kg6 25.Rxd6+ cxd6 26.Rxe7 Rxe7 27.Bxb6 Nd7 28.Be3 Kf6
29.Bf3 Ke5 30.Ba7 d5 31.a4 Kd6 32.Kd2 Nc5 33.Bb8+ Kd7 34.Bd1 Kc8 35.Bd6 Ne4+
36.Kd3 Nxd6 37.Kd4 Kc7 38.Kxd5 Nxb5 39.Kc5 Re5+ 40.Kb4 Na7  0-1

[Event "Politiken Cup"]
[Site "Copenhagen"]
[Date "1997.07.07"]
[Round "3"]
[White "Eriksson, Anders"]
[Black "Larsen, Pelle O"]
[Result "1-0"]
[WhiteElo "2300"]
[BlackElo "2130"]

1.d4 d5 2.c4 Nc6 3.Nc3 dxc4 4.Nf3 Nf6 5.e4 Bg4 6.Be3 e6 7.Qa4 Bxf3 8.gxf3 Bb4
9.Qb5 O-O 10.Rg1 a6 11.Qxc4 Qe7 12.O-O-O Kh8 13.a3 Ba5 14.e5 Nd7 15.Ne4 Bb6
16.Bg5 f6 17.exf6 gxf6 18.Bh4 Rg8 19.Rxg8+ Rxg8 20.Bh3 Nd8 21.d5 Ne5 22.Qc3  1-0

[Event "Politiken Cup"]
[Site "Copenhagen"]
[Date "1997.07.09"]
[Round "5"]
[White "Richardson, John R"]
[Black "Larsen, Pelle O"]
[Result "1-0"]
[WhiteElo "2260"]
[BlackElo "2130"]

1.d4 d5 2.c4 Nc6 3.Nf3 Bg4 4.Nc3 e6 5.cxd5 exd5 6.Bf4 Bb4 7.e3 Nge7 8.Bd3 Ng6
9.Bg3 O-O 10.Qb3 Bxf3 11.gxf3 a5 12.O-O Bxc3 13.bxc3 Rb8 14.e4 Nce7 15.Rae1 f5
16.exf5 Nxf5 17.Bxf5 Rxf5 18.c4 Nf4 19.cxd5 Qxd5 20.Re7 a4 21.Qxd5+ Nxd5
22.Rd7 Rc8 23.Rc1 b5 24.Rc5 c6 25.Be5 Nf6 26.Rd6 Rxf3 27.d5 Rd3 28.Rdxc6 Rxc6
29.dxc6 Rd1+ 30.Kg2 Rd8 31.c7 Rc8 32.Rxb5 Kf7 33.Rb8  1-0

[Event "Schahin Cury"]
[Site "Americana"]
[Date "1997.07.10"]
[Round "3"]
[White "Leitao, Rafael"]
[Black "Vescovi, Giovanni"]
[Result "1-0"]
[WhiteElo "2515"]
[BlackElo "2480"]

1.d4 d5 2.c4 Nc6 3.e3 e5 4.dxe5 Bb4+ 5.Bd2 dxc4 6.Nf3 Be6 7.Qc2 Qd5 8.Bxb4 Nxb4
9.Qa4+ Nc6 10.Na3 c3 11.bxc3 Qc5 12.Rc1 Ne7 13.Nb5 O-O-O 14.Be2 Ng6 15.O-O Bd7
16.Qb3 Ngxe5 17.Nxe5 Nxe5 18.Nd4 Rhf8 19.Rb1 b6 20.c4 Nc6 21.Qc3 Nxd4 22.exd4 Qg5
23.Rfc1 Bc6 24.d5 Bb7 25.Bf3 Qf6 26.Qa3 Kb8 27.c5 Rfe8 28.d6 c6 29.cxb6 axb6
30.Rxb6 Qxd6 31.Qxd6+ Rxd6 32.Rcb1 Re7 33.Bxc6  1-0

[Event "Politiken Cup"]
[Site "Copenhagen"]
[Date "1997.07.10"]
[Round "6"]
[White "Fant, Goran"]
[Black "Bromman, Thorbjorn"]
[Result "1-0"]
[WhiteElo "2070"]
[BlackElo "2235"]

1.d4 d5 2.c4 Nc6 3.Bf4 Bg4 4.f3 Bh5 5.Nc3 e6 6.e3 Bb4 7.Qb3 Nge7 8.a3 Bxc3+
9.bxc3 Na5 10.Qb2 dxc4 11.Qb5+ c6 12.Qxh5 Nd5 13.Ne2 Qb6 14.Rd1 Qb2 15.e4 Nxf4
16.Nxf4 Qxc3+ 17.Kf2 O-O 18.Be2 Nb3 19.Qe5 Rae8 20.Nh5 f6 21.Qd6 g6 22.Nf4 e5
23.Ne6 exd4 24.Qd7 Qe3+ 25.Kg3  1-0

[Event "Wch U20"]
[Site "Zagan"]
[Date "1997.07.16"]
[Round "3"]
[White "Pereyra Arcija, Diego"]
[Black "Myc, Marcin"]
[Result "1-0"]
[WhiteElo "2460"]
[BlackElo "2350"]

1.d4 d5 2.c4 Nc6 3.cxd5 Qxd5 4.e3 e5 5.Nc3 Bb4 6.Bd2 Bxc3 7.Bxc3 exd4 8.Ne2 Bg4
9.f3 Bxf3 10.gxf3 Qxf3 11.Nxd4 Qxh1 12.Nxc6 Nf6 13.Na5 Qxh2 14.Qa4+ c6 15.O-O-O O-O
16.Bxf6 gxf6 17.Bd3 Rfe8 18.Qg4+ Kh8 19.Qf3 Qh4 20.Nc4 Rg8 21.Nd6 Rg3 22.Qf2 Rg4
23.Qxh4 Rxh4 24.Rg1 Rf8 25.Bc4 Rxc4+ 26.Nxc4 Rd8 27.Kc2 Rd5 28.e4 Rd4 29.Kc3 Rd7
30.Ne3 h6 31.Ng4 Rd6 32.Nxh6 Kh7 33.Nf5 Rd7 34.Rg2 Kh8 35.Rd2 Rxd2 36.Kxd2 Kh7
37.Nd6 Kg7 38.Nxb7 f5 39.Ke3  1-0

[Event "Budapest FS08 IM"]
[Site "Budapest"]
[Date "1997.08.04"]
[Round "3"]
[White "Ladanyi, Tibor"]
[Black "Antal, Gergely"]
[Result "1-0"]
[WhiteElo "2240"]
[BlackElo "2240"]

1.d4 d5 2.c4 Nc6 3.cxd5 Qxd5 4.Nf3 e5 5.Nc3 Bb4 6.Bd2 Bxc3 7.Bxc3 e4 8.Ne5 Nge7
9.e3 Nxe5 10.dxe5 Be6 11.Qa4+ Bd7 12.Qd4 c5 13.Qxd5 Nxd5 14.e6 Bxe6 15.Bxg7 Rg8
16.Be5 Nb4 17.Rc1 Rc8 18.a3 Nd3+ 19.Bxd3 exd3 20.Kd2 c4 21.g3 b5 22.Bc3 Kd7
23.Ra1 Rb8 24.b4 Bd5 25.Rhe1 Bf3 26.a4 a6 27.Ra2 Rg6 28.Rea1 Rh6 29.h4 Re6
30.axb5 axb5 31.Ra7+ Bb7 32.f4 Kc6 33.g4 Rbe8 34.Bd4 Rd8 35.Bc3 Rh6 36.R1a6+ Bxa6
37.Rxa6+ Kd5 38.Rxh6 Ra8 39.Rb6 Ra2+ 40.Kd1 Ke4 41.Rxb5 Kxe3 42.Re5+ Kxf4
43.Rc5 Rg2 44.Rxc4+ Ke3 45.Bd4+ Kf3 46.b5 d2 47.b6 Ke4 48.b7 Kd3 49.Rc3+ Kxd4
50.Rb3  1-0

[Event "ST Lee Cup 4th"]
[Site "Beijing"]
[Date "1997.09.02"]
[Round "9"]
[White "Xu Yuanyuan"]
[Black "Xie Jianjun"]
[Result "0-1"]
[WhiteElo "2190"]
[BlackElo "2365"]

1.d4 d5 2.c4 Nc6 3.e3 Nf6 4.Nc3 e6 5.Nf3 Bb4 6.Bd3 O-O 7.O-O dxc4 8.Bxc4 b6
9.Qa4 Bxc3 10.bxc3 Na5 11.Ba3 Bd7 12.Bb5 Re8 13.Rad1 Bxb5 14.Qxb5 Qd5 15.Qd3 Qxa2
16.Bb4 Nc6 17.e4 Qb3 18.e5 Nxb4 19.cxb4 Qxd3 20.Rxd3 Nd5 21.b5 a6  0-1

[Event "ST Lee Cup 4th"]
[Site "Beijing"]
[Date "1997.09.04"]
[Round "11"]
[White "Wang Yaoyao"]
[Black "Xie Jianjun"]
[Result "1/2-1/2"]
[WhiteElo "2430"]
[BlackElo "2365"]

1.d4 d5 2.c4 Nc6 3.Nf3 Bg4 4.Nc3 e6 5.e3 Nf6 6.Be2 dxc4 7.Bxc4 Be7 8.h3 Bh5
9.O-O O-O 10.Be2 a6 11.b3 Nb4 12.Bb2 c5 13.dxc5 Bxc5 14.a3 Nc6 15.b4 Ba7
16.b5 axb5 17.Nxb5 Bc5 18.Qc2 Be7 19.Rfd1 Qb6 20.a4 Bg6 21.Qb3 Na5 22.Qa2 Nc6
23.Qb3 Na5 24.Qa2 Nc6 25.Qb3  1/2-1/2